Liệu pháp mátxa chữa bệnh

Spremljeno u:
Bibliografski detalji
Glavni autor: Nguyễn, Công Đức
Format: Knjiga
Jezik:Undetermined
Izdano: Hà Nội Văn hóa Thông tin 2005
Teme:
Oznake: Dodaj oznaku
Bez oznaka, Budi prvi tko označuje ovaj zapis!
Thư viện lưu trữ: Trung tâm Học liệu Trường Đại học Cần Thơ
LEADER 00584nam a2200193Ia 4500
001 CTU_97287
008 210402s9999 xx 000 0 und d
020 |c 42000 
082 |a 615.822 
082 |b Đ552 
100 |a Nguyễn, Công Đức 
245 0 |a Liệu pháp mátxa chữa bệnh 
245 0 |c Nguyễn Công Đức, Hiền Chi Mai, Nguyễn Mai Phương 
260 |a Hà Nội 
260 |b Văn hóa Thông tin 
260 |c 2005 
650 |a Massage theray 
904 |i Minh 
980 |a Trung tâm Học liệu Trường Đại học Cần Thơ